000 00296nam a22001337a 4500
008 180906b xxu||||| |||| 00| 0 eng d
020 _a9780789435194
041 _aeng
080 _a338
100 _a54
101 _aMAN
245 _aEssentials Managers Manual
_cHeller.r
942 _2udc
_cBK
999 _c47588
_d47588